| 000 | 00687nam a2200229 i 4500 | ||
|---|---|---|---|
| 001 | bg | ||
| 100 | 1 | _aGÓRA, Ewa | |
| 245 | 1 | 0 |
_aKodeks pracy po nowelizacji z dnia 26 lipca 2002 r. z wprowadzeniem / _cEwa Góra, Marcin Kotula. |
| 250 | _aStan prawny 1 września 2002 r. | ||
| 260 |
_aGdańsk : _bOśrodek Doradztwa i Doskonalenia Kadr, _c2002. |
||
| 300 |
_a155 s. ; _c20 cm. |
||
| 650 | 9 |
_aPrawo pracy _zPolska _ystan na 2002 r. |
|
| 700 | 1 | _aKOTULA, Marcin | |
| 020 | _a8371877056 | ||
| 040 | _cBPK | ||
| 041 | 0 | _apl | |
| 080 | _a349.2(438)(094.4) | ||
| 920 | _a83-71877-05-6 | ||
| 942 | _cKS | ||
| 008 | s pl f |000 0 pol | ||
| 999 |
_c41807 _d41807 |
||
| 856 |
_uhttp://koha.tu.koszalin.pl/cgi-bin/koha/opac-detail.pl?biblionumber=41807 _yKatalog online BPK |
||